000 00939nam a22002057a 4500
999 _c8370
_d8370
020 _a9780256146110
020 _a025614611x
050 _aHG4026
_b.H36
100 _aHelfert, Eric A.
245 _aTechniques of financial analysis:
_bA modern approach
_cEric A. Helfert
260 _aChicago
_bRichard D. Irwin, A Time Mirror Higher Education Group
_c1997
300 _axix,457p.
_bill.
500 _aIncludes bibliographical references and index.
505 _a1. Financial context for business 2. Managing operating funds 3. Assessment of business performance 4. Projection of financial requirements 5. Dynamics of business systems 6. Analysis of investment Decisions 7. The cost of capital and business decisions 8. Analysis of financing choices 9. Valuation and business performance
650 _aCorporate-- finance
650 _aCash flow
650 _aFinancial statement
650 _aRatio analysis
942 _cBK